000 00659nam a2200205Ia 4500
005 20250508160940.0
008 008 250505s9999 xx 000 0 eng d
020 _a0-04-621021-0
037 _aTextual
040 _aFEDL
_beng
_cFEDL
041 _aeng
_2eng
084 _a001.642, WAY
_qFEDL
245 0 _aWay things work book of the computer: An illustrated encylopedia of information science, cybernetics and data processing
260 _aLondon, UK
_bGeorge Allen and Unwin Limited
_c1974
300 _aviii,245p.
365 _aINR
_b12
650 _aComputer Science
942 _cTEXL
_h001.642, WAY
999 _c1367570
_d1367570